| 000 | 00373nam a22001337a 4500 | ||
|---|---|---|---|
| 020 | _qPB. | ||
| 040 | _cFIZZA ISHAQ | ||
| 082 |
_a371.26 _bMAG |
||
| 100 |
_aMager , Robert F. _9133913 |
||
| 245 |
_aMeasuring Instructional Intent; Or, Got a Match? / _c Robert F. Mager. |
||
| 260 |
_aNew York: _bFearon , _c1973. |
||
| 300 |
_a159 P. ; _c8.3 x 5.4 inches |
||
| 942 |
_2ddc _cBK |
||
| 999 |
_c616862 _d616862 |
||